[Event "ESP-ch U14 rapid"]
[Site "Salobrena"]
[Date "2024.07.20"]
[Round "2"]
[White "Alape Gonzalez, Juan David"]
[Black "Matos Espino, Carlos Silverio"]
[Result "0-1"]
[WhiteElo "1820"]
[BlackElo "1687"]
[PlyCount "92"]
[EventDate "2024.07.20"]
[EventType "swiss (rapid)"]
[EventRounds "9"]
[EventCountry "ESP"]
[SourceTitle "CB31_2024"]
[SourceDate "2024.07.31"]
[SourceVersion "1"]
[SourceVersionDate "2024.07.31"]
[SourceQuality "1"]

1. e4 c5 2. Nf3 Nc6 3. d3 g6 4. g3 Bg7 5. Bg2 d6 6. 0-0 e6 7. c3 Nge7 8. Re1 Qc7 9. Qe2 h5 10. a3 e5 11. Be3 Bg4 12. h4 f5 13. exf5 Nxf5 14. Qc2 Nxe3 15. Rxe3 0-0 16. Nbd2 Ne7 17. Nh2 Bf5 18. Be4 Bxe4 19. dxe4 Bh6 20. Re2 Rf6 21. c4 Raf8 22. Nb3 Nc6 23. Rd1 a5 24. a4 b6 25. Qc3 Qf7 26. Rf1 Qe6 27. Kg2 g5 28. f3 gxh4 29. g4 hxg4 30. Nxg4 Rg6 31. Kg1 h3 32. Ref2 Nd4 33. Kh1 Bf4 34. Nxd4 cxd4 35. Qb3 Rb8 36. Qd3 Rf8 37. Qb3 Rb8 38. Qd3 Rb7 39. Qb3 Bg3 40. Rd2 Kh8 41. Qb5 Qf7 42. Qc6 Rxg4 43. Qc8+ Rg8 44. Qc6 Bf4 45. Re2 Qg7 46. Qxd6 h2 0-1

[Event "ESP-ch U14 rapid"]
[Site "Salobrena"]
[Date "2024.07.20"]
[Round "4"]
[White "Alape Gonzalez, Juan David"]
[Black "Torrent Santonja, Adria"]
[Result "1-0"]
[WhiteElo "1820"]
[BlackElo "1624"]
[PlyCount "101"]
[EventDate "2024.07.20"]
[EventType "swiss (rapid)"]
[EventRounds "9"]
[EventCountry "ESP"]
[SourceTitle "CB31_2024"]
[SourceDate "2024.07.31"]
[SourceVersion "1"]
[SourceVersionDate "2024.07.31"]
[SourceQuality "1"]

1. e4 e5 2. Nf3 Nf6 3. Nc3 Nc6 4. Bb5 Bc5 5. 0-0 0-0 6. d3 Re8 7. a3 a6 8. Bc4 h6 9. Be3 Bd4 10. Bxd4 Nxd4 11. Nxd4 exd4 12. Ne2 c5 13. Nf4 b5 14. Bb3 Bb7 15. a4 d5 16. exd5 Nxd5 17. Qf3 Re5 18. Nxd5 Bxd5 19. Bxd5 Rxd5 20. axb5 axb5 21. Rxa8 Qxa8 22. g3 Rd8 23. Qxa8 Rxa8 24. Kg2 Ra2 25. Rb1 f5 26. Kf3 Kf7 27. h3 g5 28. g4 Ke6 29. c3 f4 30. cxd4 c4 31. dxc4 bxc4 32. Ke4 c3 33. bxc3 Rxf2 34. Rb6+ Kd7 35. Rxh6 Rc2 36. Kd3 Rh2 37. c4 f3 38. Ke3 f2 39. Rf6 Rxh3+ 40. Kxf2 Rd3 41. d5 Rd4 42. c5 Rxd5 43. Rf5 Rd3 44. Rxg5 Kc6 45. Rf5 Kd7 46. Re5 Rc3 47. g5 Rc2+ 48. Kf3 Rc3+ 49. Kg4 Kc6 50. g6 Rc2 51. Rg5 1-0